Statistics for Guess the Taylor Swift song with no hints ~19

Click here to take the quiz!

General Stats

  • This quiz has been taken 194 times
  • The average score is 288 of 379

Answer Stats

Answer% Correct
a
99%
I
99%
you
98%
You
98%
and
97%
And
97%
me
95%
the
94%
in
93%
your
93%
it
92%
my
92%
do
89%
I'm
89%
we
88%
We
88%
on
87%
you're
87%
so
86%
So
86%
to
86%
when
86%
all
85%
All
85%
it's
83%
but
82%
But
82%
Wear
82%
like
81%
what
81%
not
80%
know
79%
us
78%
See
77%
goes
76%
with
75%
can
72%
girl
72%
now
72%
up
72%
did
71%
eyes
70%
bad
69%
One
69%
things
69%
Cause
68%
Back
67%
back
67%
down
67%
get
67%
make
67%
yours
67%
dark
66%
place
65%
baby
64%
into
64%
Right
64%
got
62%
pieces
62%
fall
61%
lose
61%
face
60%
feel
60%
keep
60%
magician
59%
alone
57%
here
57%
two
57%
caught
56%
Lipstick
56%
little
56%
moment
56%
three
56%
Who's
56%
who's
56%
counting?
54%
Cut
54%
everyone
54%
number
54%
disappear
53%
honestly
53%
Come
52%
days
52%
heart
52%
simple
52%
gone
51%
illusionist
51%
jealous
51%
necklace
51%
black
50%
Getting
50%
Scratches
50%
chill
47%
against
46%
clear
46%
dressed
46%
feelings
46%
gray
46%
Met
46%
wall
46%
bar
45%
breakdown
45%
hostage
44%
Gold
43%
skip
43%
skippin'
43%
Skippin'
43%
trip
43%
Trippin
43%
trippin
43%
cage
41%

Score Distribution

Percentile by Number Answered

Percent of People with Each Score

Your Score History

You have not taken this quiz